Central Library OPAC University of Rajshahi

Slope Stability Analysis Considering Local Factors of Safety Using Non-vertical Slices within the Limit Equilibrium framework / (Record no. 80729)

MARC details
000 -LEADER
fixed length control field 00951nam a2200241 a 4500
001 - CONTROL NUMBER
RUCL Control Number 80729
003 - CONTROL NUMBER IDENTIFIER
rucl marc code BD-RjUL
005 - DATE AND TIME OF LATEST TRANSACTION
control field 20230619145523.0
008 - FIXED-LENGTH DATA ELEMENTS--GENERAL INFORMATION
fixed length control field 221108s2005 bg a|||| m||| 00| 0 eng d
035 ## - SYSTEM CONTROL NUMBER
system control number (BD-RjUL)80729
040 ## - CATALOGING SOURCE
Original cataloging agency BD-RjUL
Language of cataloging eng
Transcribing agency BD-RjUL
Modifying agency BD-RjUL
041 ## - LANGUAGE CODE
Language code of Book eng
082 ## - DEWEY DECIMAL CLASSIFICATION NUMBER
DDC Edition number 23
Classification number 551.436
Author mark and Year KHS 2005
100 ## - MAIN ENTRY--PERSONAL NAME
Personal name Khan, Younus Ahmed
9 (RLIN) 5750
245 10 - TITLE STATEMENT
Title Slope Stability Analysis Considering Local Factors of Safety Using Non-vertical Slices within the Limit Equilibrium framework /
Statement of responsibility, etc by Younus Ahmed Khan ;
Name of Supervisor/Co-Supervisor Supervisor : Mushfique Ahmed
260 ## - PUBLICATION, DISTRIBUTION, ETC. (IMPRINT)
Place of publication, distribution, etc Rajshahi :
Name of publisher, distributor, etc Department of Geology and Mining, University of Rajshahi
Date of publication, distribution, etc 2005
300 ## - PHYSICAL DESCRIPTION
Pagination [3], xii, 181 leaves :
Other physical details ill.;
Dimensions 29 cm.
502 ## - DISSERTATION NOTE
Dissertation note Thesis(Ph.D.)-- Department of Geology and Mining,University of Rajshahi,2005
504 ## - BIBLIOGRAPHY, ETC. NOTE
Bibliography, etc Bibliography : Leaves 114-123
650 ## - SUBJECT ADDED ENTRY--TOPICAL TERM
Topical term or geographic name as entry element Hydrology
General subdivision Hills
9 (RLIN) 5751
700 ## - ADDED ENTRY--SUPERVISOR/CO-SUPERVISOR NAME
Personal name Ahmed, Mushfique, Supervisor
9 (RLIN) 5752
942 ## - ADDED ENTRY ELEMENTS (KOHA)
Source of classification or shelving scheme Dewey Decimal Classification
Koha item type Theses
Holdings
Source of classification or shelving scheme Damaged status Not for loan Collection code Permanent Location Current Location Shelving location Date of accession Source of acquisition Total Checkouts Full call number Barcode Date last seen Copy number Thesis
Dewey Decimal Classification   Not For Loan Theses Central Library, University of Rajshahi Central Library, University of Rajshahi Documentation Section 21/07/2005 Controller of Exam. R.U.   THE 551.436 KHS 2005 D2407 08/11/2022 C-1 Theses